Synonyms Quiz - Statistics

General Stats
  • This quiz has been taken 197 times
  • The average score is 6 of 12
Answer Stats
Question Answer % Correct
Acquiescent Compliant
67%
Affluent Wealthy
65%
Hapless Unfortunate
63%
Truculent Defiant
60%
Quixotic Idealistic
56%
Admonish Punish
51%
Mendacious Untruthful
49%
Obstreperous Unruly
47%
Ephemeral Temporary
42%
Milquetoast Timid
37%
Impecunious Poor
35%
Nonplussed Surprised
30%
No matching quizzes found
Score Distribution
Percent of People with Each Score
Percentile by Number Answered
Your Score History
You have not taken this quiz